Plane And Spherical Trignometry (Record no. 21946)

MARC details
000 -LEADER
fixed length control field 00388nam a2200145Ia 4500
008 - FIXED-LENGTH DATA ELEMENTS--GENERAL INFORMATION
fixed length control field 211109s9999||||xx |||||||||||||| ||und||
082 ## - DEWEY DECIMAL CLASSIFICATION NUMBER
Classification number 516.24
Item number BRE-P
100 ## - MAIN ENTRY--PERSONAL NAME
Personal name Brenke, William C
245 #0 - TITLE STATEMENT
Title Plane And Spherical Trignometry
260 ## - PUBLICATION, DISTRIBUTION, ETC.
Name of publisher, distributor, etc. Dryden
Place of publication, distribution, etc. New York
Date of publication, distribution, etc. 1943
300 ## - PHYSICAL DESCRIPTION
Extent 102p.
630 ## - SUBJECT ADDED ENTRY--UNIFORM TITLE
General subdivision General Stack
650 ## - SUBJECT ADDED ENTRY--TOPICAL TERM
Topical term or geographic name entry element Science
942 ## - ADDED ENTRY ELEMENTS (KOHA)
Koha item type BOOK
650 ## - SUBJECT ADDED ENTRY--TOPICAL TERM
Form subdivision MathematicsGeometry
General subdivision Generalia
Holdings
Withdrawn status Lost status Damaged status Not for loan Home library Current library Date acquired Cost, normal purchase price Total Checkouts Full call number Barcode Shelving location Date last seen Price effective from Koha item type
        SB LIBRARY SB LIBRARY 09/11/2021 100.00   516.24 BRE-P 00022677 GENERAL STACK 09/11/2021 09/11/2021 BOOK

Powered by Koha